000 00468nam a22001697a 4500
003 CEME
005 20210628202653.0
008 210125b xxu||||| |||| 00| 0 eng d
020 _a1-9030-9667-8
040 _c.
082 _a620.3 LAL
100 _aLalanne, Christian
_961001
245 _aSinusoidal vibration mechanical vibration and shock vol-1
260 _aINDIA
_bHPS:HERMS PENTON SCIENCE
_c2004
650 _aSINUSOIDAL VIBRATION
_961002
942 _cBK
_2ddc
999 _c570581
_d570581